Thrust : real estate riches: Boundless opportunity, infinite knowledge and immense wealth
| Other Authors: | |
|---|---|
| Format: | Book |
| Published: |
Kuala Lumpur :
Kanyin Publication ,
2012
|
| Subjects: |
MARC
| LEADER | 00000cam a2200000 7i4500 | ||
|---|---|---|---|
| 001 | 0000004084 | ||
| 005 | 20160419.0 | ||
| 020 | 0 | 0 | |a 9789833789412 |
| 090 | 0 | 0 | |a 332.6324 |b THRU |
| 245 | 0 | 0 | |a Thrust : |b real estate riches: Boundless opportunity, infinite knowledge and immense wealth |c David Ong...[et.al] |
| 260 | 0 | 0 | |a Kuala Lumpur : |b Kanyin Publication , |c 2012 |
| 300 | |a 215 pages ; |c 21cm. | ||
| 650 | 0 | 0 | |a Real estate inversment |
| 650 | 0 | 0 | |a Real property |
| 700 | 0 | 1 | |a Gerard Kho |
| 998 | |a JPSM | ||
| 999 | |a 007949 |b Monograph |c Open Shelf |e Default branch | ||